000 00592nam a2200217Ia 4500
005 20241129105834.0
008 241129s9999||||xx |||||||||||||| ||und||
020 _a978-1-032-41777-6
037 _aTB
040 _aARTS
_beng
_cARTS
041 _aeng
_2eng
084 _aY.1TH R2
_qARTS
100 _aMenon Dilip M. Ed.
_9726469
245 0 _aChanging theory: concepts from the global South
_cMenon Dilip M. Ed.
260 _aUK
_bRoutledge
_c2022
300 _axix,346p.
365 _aINR
_b1595
650 _aSociology
942 _cTB
_hY.1TH R2
999 _c1226220
_d1226220